000 01369nam0a2200361 i 4500
001 RU\NLR\BIBL_A\010467213
005 20260406115101.0
010 _a9785779324281
_93000
021 _aRU
_b2014-54481
_93293
035 _a(NILC)RuMoRGB-007527350
035 _a(NLR Aleph) 010467213
090 _a10007185
_c10007185
100 _a20140926d2014 u y0rusy50 ca
101 0 _arus
102 _aRU
105 _aach|z|||000yy
200 1 _aМ.Ю. Лермонтов - художник и поэт
_f[сост. Молюков М. И.]
210 _aМосква
_cБелый город
_d2014
215 _a63 с.
_cил., портр., факс., цв. ил.
_d35
333 _a12+
600 1 _aЛермонтов
_bМ.Ю.
_f1814 - 1841
_gМихаил Юрьевич
_xкак художник
_91062840
_3RU\NLR\AUTH\66412669
686 2 _aШ5(2=Р)51-4Лермонтов807
686 2 _aШ6(2=Р)51-5
686 1 _aЩ143(2Р=Рус)51-8Лермонтов
702 1 _4570
_8rus
_7ca
_aЛермонтов
_bМ. Ю.
_cпоэт
_f1814-1841
_gМихаил Юрьевич
_3RU\NLR\auth\77328
_9110383
702 1 _aМолюков
_bМ. И.
_gМихаил Игоревич
_4220
801 0 _aRU
_bРГБ
_c20140730
_gRCR
942 _cBOOK
980 _aNBR